مصايد البحر الأحمر : أسماك، قشريات، رخويات اقتصادية، طرق الصيد، طرق الحفظ

محفوظ في:

المؤلف الرئيسي: الخولي، عبد الرحمن..

التنسيق: كتاب

اللغة: Undetermined

منشور في: Cairo : almuasasat almisriat aleamat liltharwat almayiyati, , .

الوسوم: إضافة وسم

لا توجد وسوم, كن أول من يضع وسما على هذه التسجيلة!

رقم الطلب: SH673 .K95

LEADER 00547nam a2200133Ia 4500
008 240329s9999||||xx |||||||||||||| ||und||
050 4 |a SH673 .K95 
100 1 |a الخولي، عبد الرحمن.. 
245 1 0 |a مصايد البحر الأحمر : أسماك، قشريات، رخويات اقتصادية، طرق الصيد، طرق الحفظ   |c الخولي، عبد الرحمن. 
264 1 |a Cairo :  |b almuasasat almisriat aleamat liltharwat almayiyati, ,  |c . 
300 |a 344  |c 24 cm. 
500 |a Arab Union Catalog  
942 |2 lcc  |c BK 
999 |c 57615  |d 57615